Normal view
MARC view
Entry Nombre corporativo
001 - NÚMERO DE CONTROL
- campo de control: 9566
003 - IDENTIFICADOR DE NÚMERO DE CONTROL
- campo de control: OSt
005 - FECHA Y HORA DE LA ÚLTIMA TRANSACCIÓN
- campo de control: 20221005155349.0
008 - ELEMENTOS DE DATO DE LONGITUD-FIJA
- campo de control de longitud fija: 221005|| aca||aabn | a|a d
040 ## - FUENTE DE CATALOGACIÓN
- Centro catalogador/agencia de origen: OSt
- Centro/agencia transcriptor: OSt
110 ## - ENCABEZAMIENTO-NOMBRE DE ENTIDAD CORPORATIVA
- Nombre de entidad corporativa o nombre de jurisdicción como elemento de entrada: PAIS VASCO.
- Unidad subordinada: Plan de Acción Positiva para las Mujeres
- Fecha del congreso o de la firma del tratado: 1995-1998
- Número del congreso/reunión o número de parte o sección: 2
670 ## - FUENTE DE DATOS ENCONTRADOS
- Cita de la fuente: Work cat.: (OSt)9454: PAIS VASCO. Plan de Acción Positiva para las Mujeres 1995-1998 2, Borrador del II Plan de Acción Positiva para las Mujeres en la Comunidad Autónoma de Euskadi, 1995